| 000 | 00736nam a22002057a 4500 | ||
|---|---|---|---|
| 999 |
_c11764 _d11764 |
||
| 003 | AR-CdUCM | ||
| 008 | 190404b ||||| |||| 00| 0 spa d | ||
| 040 |
_aMUNICIPALIDAD PROVINCIAL DEL CUSCO _cBIBLIOTECA MUNICIPAL DEL CUSCO |
||
| 082 |
_a395 / _bP59 / 1933 |
||
| 100 |
_aPin, J. _929279 |
||
| 245 | _aReglas morales y la buena educación / | ||
| 260 |
_aChile ; _bErcilla, _c1933. |
||
| 300 |
_a60 páginas ; _c18 cm. |
||
| 505 | _aContenido: En la escuela -- Durante la comida -- En la escuela, despues de comer -- La mañana del domingo en casa -- En la iglesia... | ||
| 650 |
_aReglas en la mesa _929280 |
||
| 650 |
_aManeras de comer _929281 |
||
| 650 |
_aElogio a los oficios _929282 |
||
| 942 |
_2ddc _cLIBROS |
||
| 945 | _adavv | ||